| 000 | 00861pam a2200265 a 4500 | ||
|---|---|---|---|
| 001 | 917782 | ||
| 003 | OSt | ||
| 005 | 20221107111503.0 | ||
| 008 | 820802s1983 nyu b 001 0 eng | ||
| 010 | _a 82070855 | ||
| 020 | _a1857423198 | ||
| 040 |
_aDLC _cDLC _dDLC |
||
| 050 | 0 | 0 |
_aHD8038 _bS35 1991 c.1 |
| 100 | 1 | _aSchön, Donald A. | |
| 245 | 1 | 4 |
_aThe reflective practitioner : _bhow professionals think in action / _cDonald A. Schön. |
| 260 |
_aNew York : _bBasic Books, _c1991 |
||
| 300 | _ax, 374 p. ; | ||
| 504 | _aIncludes bibliographical references and index. | ||
| 650 | 0 | _aProfessions. | |
| 650 | 0 | _aThought and thinking. | |
| 650 | 0 | _aSelf-knowledge, Theory of. | |
| 856 | 4 | 2 |
_3Publisher description _uhttp://www.loc.gov/catdir/enhancements/fy0832/82070855-d.html |
| 906 |
_a7 _bcbc _corignew _d1 _eopcn _f19 _gy-gencatlg |
||
| 942 |
_2lcc _cBK |
||
| 999 |
_c19779 _d19778 |
||